| 000 | 01031cab a2200253 4500 | ||
|---|---|---|---|
| 001 | WB3520-36 | ||
| 008 | 090401t1999 xxu||||| |||| 00| 0 eng d | ||
| 035 | _a(Sirsi) u93608 | ||
| 041 | _aeng | ||
| 245 | _aRuling on homes is `threat to rural life` | ||
| 260 | _c1999 | ||
| 350 | _a0 | ||
| 490 |
_aWestern Morning News _v25 May 1999, 7(1) |
||
| 520 | _aA court has ruled that former council homes may be let to holidaymakers. Caradon District Council attempted to enforce a covenant imposed on two former council houses near Fowey which were being let through an agency as holiday homes, but it was held that this did not constitute business use. The local MP is concerned about the effect the decision could have on the availability of housing for local people. | ||
| 650 | _aBUSINESS USE | ||
| 650 | _aCORNWALL | ||
| 650 | _aFORMER COUNCIL HOUSES | ||
| 650 | _aHOLIDAY HOMES | ||
| 650 | _aHOLIDAY LETTINGS | ||
| 650 | _aRIGHT TO BUY | ||
| 690 | _aPLANNING LAW AND PRACTICE | ||
| 942 | _n0 | ||
| 948 | _c27/05/1999 | ||
| 999 |
_c59324 _d59324 |
||